| 000 | 00554nam a2200193Ia 4500 | ||
|---|---|---|---|
| 003 | OSt | ||
| 005 | 20250716092020.0 | ||
| 008 | 210210b1995 xxu||||| |||| 00| 0 eng d | ||
| 040 | _cAL | ||
| 041 | _aKannada | ||
| 082 | _aK894.301 ANAS | ||
| 100 |
_aANANTAMURTI (U R). _dಅನಂತಮೂರ್ತಿ (ಯು ಅರ್) _9218873 |
||
| 245 |
_aSuryana kudure. _bಸೂರ್ಯನ ಕುದುರೆ. |
||
| 260 |
_aSagara _bAkshara Prakashana _c1995 |
||
| 300 | _aviii,80 | ||
| 690 |
_aKannada Fiction _9218874 |
||
| 906 | _a051780 | ||
| 942 |
_2ddc _cBK |
||
| 999 |
_c100331 _d100331 |
||